Birds Pokémon - Statistics

General Stats
  • This quiz has been taken 24 times
  • The average score is 53 of 80
Answer Stats
Types Answer % Correct
Normal/Flying Pidgey
100%
Normal/Flying Pidgeot
95%
Normal/Flying Pidgeotto
95%
Ice/Flying Articuno
90%
Normal/Flying Fearow
90%
Normal/Flying Spearow
90%
Fire/Flying Moltres
85%
Normal/Flying Pidove
85%
Normal/Flying Tranquill
85%
Normal/Flying Unfezant
85%
Electric/Flying Zapdos
85%
Flying/Steel Corviknight
80%
Fire/Flying Ho-Oh
80%
Psychic/Flying Lugia
80%
Flying Rookidee
80%
Steel/Flying Skarmory
80%
Normal/Flying Trumbeak
80%
Flying Corvisquire
75%
Fire/Flying Fletchinder
75%
Normal/Flying Fletchling
75%
Fighting/Flying Hawlucha
75%
Normal/Flying Hoothoot
75%
Dark/Flying Mandibuzz
75%
Dark/Flying Murkrow
75%
Normal/Flying Noctowl
75%
Water/Flying Pelipper
75%
Normal/Flying Pikipek
75%
Normal/Flying Rufflet
75%
Normal/Flying Staravia
75%
Normal/Flying Starly
75%
Normal/Flying Swellow
75%
FIre/Flying Talonflame
75%
Dark/Flying Vullaby
75%
Electric/Flying Wattrel
75%
Water/Flying Wingull
75%
Rock/Flying Archen
70%
Rock/Flying Archeops
70%
Fire/Fighting Blaziken
70%
Normal/Flying Braviary
70%
Fire/Fighting Combusken
70%
Flying/Water Cramorant
70%
Poison/Fairy Fezandipiti
70%
Dark/Flying Honchkrow
70%
Electric/Flying Kilowattrel
70%
Normal/Flying Taillow
70%
Fire Torchic
70%
Normal/Flying Toucanon
70%
Dragon/Flying Altaria
65%
Grass/Flying Dartrix
65%
Grass/Ghost Decidueye
65%
Water/Flying Ducklett
65%
Water/Steel Empoleon
65%
Flying/Fighting Flamigo
65%
Varies/Flying Oricorio
65%
Water Piplup
65%
Water Prinplup
65%
Normal/Flying Swablu
65%
Psychic/Flying Natu
60%
Water/Fighting Quaquaval
60%
Water Quaxly
60%
Water Quaxwell
60%
Water/Flying Swanna
60%
Fairy/Flying Togekiss
60%
Dark/Flying Yveltal
60%
Normal/Flying Dodrio
55%
Psychic Espathra
55%
Normal/Flying Squawkabilly
55%
Fairy/Flying Togetic
55%
Ice/Water Iron Bundle
50%
Psychic/Flying Articuno Galar
45%
Dark/Flying Moltres Galar
45%
Grass/Flying Rowlett
45%
Fighting Sirfetch'd
45%
Figting/Flying Zapdos Galar
45%
Fighting Farfetch'd Galar
35%
Psychic/Flying Braviary Hisui
25%
Grass/Fighting Decidueye hisui
25%
Normal/Flying Staraptar
20%
Flying Tornadus Therian Forme
10%
Dark/Flying Bormbirdier
5%
No matching quizzes found
Score Distribution
Percent of People with Each Score
Percentile by Number Answered
Your Score History
You have not taken this quiz